Catálogo de la Biblioteca Horacio González - Universidad Nacional de General Sarmiento

La Patagonia : (Registro nro. 52444)

Detalles MARC
000 -CABECERA
campo de control de longitud fija 02159nam a22004450a 4500
001 - NÚMERO DE CONTROL
campo de control PT32995
003 - IDENTIFICADOR DEL NÚMERO DE CONTROL
campo de control AR-LpoUNG
005 - FECHA Y HORA DE LA ÚLTIMA TRANSACCIÓN
campo de control 20250220102814.0
008 - DATOS DE LONGITUD FIJA--INFORMACIÓN GENERAL
campo de control de longitud fija 201001s2008||||ag |||||||||||||||||spa d
020 ## - NÚMERO INTERNACIONAL ESTÁNDAR DEL LIBRO
Número Internacional Estándar del Libro 9789876300285
Condiciones de disponibilidad $6.80
040 ## - FUENTE DE LA CATALOGACIÓN
Centro catalogador/agencia de origen AR-LpoUNG
Lengua de catalogación spa
Normas de descripción aacr
041 0# - CÓDIGO DE LENGUA
Código de lengua del texto/banda sonora o título independiente spa
044 ## - CÓDIGO DEL PAÍS DE LA ENTIDAD EDITORA/PRODUCTORA
Código MARC del país ag
082 0# - NÚMERO DE LA CLASIFICACIÓN DECIMAL DEWEY
Número de clasificación 982.066 676pat
100 1# - ENTRADA PRINCIPAL--NOMBRE DE PERSONA
Nombre de persona Bohoslavsky, Ernesto
245 13 - MENCIÓN DE TÍTULO
Título La Patagonia :
Resto del título de la guerra de Malvinas al final de la familia ypefiana
250 ## - MENCIÓN DE EDICIÓN
Mención de edición 1ra. ed.
260 ## - PUBLICACIÓN, DISTRIBUCIÓN, ETC.
Lugar de publicación, distribución, etc. Buenos Aires :
Nombre del editor, distribuidor, etc. Universidad Nacional de General Sarmiento : Biblioteca Nacional,
Fecha de publicación, distribución, etc. 2008.
300 ## - DESCRIPCIÓN FÍSICA
Extensión 106 p. :
Otras características físicas il.
490 0# - MENCIÓN DE SERIE
Mención de serie 25 años, 25 libros ;
Designación de volumen o secuencia no.7
520 ## - SUMARIO, ETC.
Sumario, etc. <p>Imaginada muchas veces en la literatura o en el cine nacional, como un lugar remoto y vac&iacute;o, como un &uacute;ltimo conf&iacute;n de libertad o como un El Dorado lleno de promesas, la Patagonia Argentina ha sido escenario, durante los &uacute;ltimos veinticinco a&ntilde;os, de diversas transformaciones y de muy distintas representaciones en los discursos y en los debates p&uacute;blicos. La Patagonia fue sucesivamente el sitio donde el ex presidente Ra&uacute;l Alfons&iacute;n pudo imaginar una futura capital de la rep&uacute;blica, el objeto de los mayores despojos operados por el despliegue de las pol&iacute;ticas neoliberales de los noventa, el escenario de algunas de las mayores y m&aacute;s originales protestas contra esas pol&iacute;ticas y una actual fuente de divisas asociadas al pujante negocio del turismo.</p>
650 #4 - PUNTO DE ACCESO ADICIONAL DE MATERIA--TÉRMINO DE MATERIA
Término de materia o nombre geográfico como elemento de entrada ANALISIS SOCIOLOGICO
650 #4 - PUNTO DE ACCESO ADICIONAL DE MATERIA--TÉRMINO DE MATERIA
Término de materia o nombre geográfico como elemento de entrada ARGENTINA
650 #4 - PUNTO DE ACCESO ADICIONAL DE MATERIA--TÉRMINO DE MATERIA
Término de materia o nombre geográfico como elemento de entrada DESEMPLEO
650 #4 - PUNTO DE ACCESO ADICIONAL DE MATERIA--TÉRMINO DE MATERIA
Término de materia o nombre geográfico como elemento de entrada ECONOMIA
650 #4 - PUNTO DE ACCESO ADICIONAL DE MATERIA--TÉRMINO DE MATERIA
Término de materia o nombre geográfico como elemento de entrada EMPRESAS PUBLICAS
650 #4 - PUNTO DE ACCESO ADICIONAL DE MATERIA--TÉRMINO DE MATERIA
Término de materia o nombre geográfico como elemento de entrada HISTORIA SOCIAL
650 #4 - PUNTO DE ACCESO ADICIONAL DE MATERIA--TÉRMINO DE MATERIA
Término de materia o nombre geográfico como elemento de entrada PRIVATIZACION
650 #4 - PUNTO DE ACCESO ADICIONAL DE MATERIA--TÉRMINO DE MATERIA
Término de materia o nombre geográfico como elemento de entrada PRODUCCION
650 #4 - PUNTO DE ACCESO ADICIONAL DE MATERIA--TÉRMINO DE MATERIA
Término de materia o nombre geográfico como elemento de entrada RECESION ECONOMICA
650 #4 - PUNTO DE ACCESO ADICIONAL DE MATERIA--TÉRMINO DE MATERIA
Término de materia o nombre geográfico como elemento de entrada RELACIONES LABORALES
650 #4 - PUNTO DE ACCESO ADICIONAL DE MATERIA--TÉRMINO DE MATERIA
Término de materia o nombre geográfico como elemento de entrada TRABAJADORES
650 #4 - PUNTO DE ACCESO ADICIONAL DE MATERIA--TÉRMINO DE MATERIA
Término de materia o nombre geográfico como elemento de entrada TRABAJO
700 1# - PUNTO DE ACCESO ADICIONAL--NOMBRE DE PERSONA
Nombre de persona Galván, Valeria
Término indicativo de función/relación col.
710 2# - PUNTO DE ACCESO ADICIONAL--NOMBRE DE ENTIDAD CORPORATIVA
Nombre de entidad corporativa o nombre de jurisdicción como elemento de entrada Biblioteca Nacional (Argentina)
710 2# - PUNTO DE ACCESO ADICIONAL--NOMBRE DE ENTIDAD CORPORATIVA
Nombre de entidad corporativa o nombre de jurisdicción como elemento de entrada Universidad Nacional de General Sarmiento (Buenos Aires)
856 40 - LOCALIZACIÓN Y ACCESO ELECTRÓNICOS
Identificador Uniforme del Recurso <a href="http://repositorio.ungs.edu.ar/handle/UNGS/88">http://repositorio.ungs.edu.ar/handle/UNGS/88</a>
Texto de enlace Texto completo
905 ## - ELEMENTOS DE DATOS E LOCAL, LDE (RLIN)
a 32995
942 ## - ELEMENTOS DE PUNTO DE ACCESO ADICIONAL (KOHA)
Tipo de ítem Koha Libro
Fuente del sistema de clasificación o colocación Dewey Decimal Classification
Existencias
Estado de retiro Estado de pérdida Estado dañado No para préstamo Código de colección Localización permanente Ubicación/localización actual Fecha de adquisición Total de préstamos Signatura topográfica completa Código de barras Fecha visto por última vez Precio válido a partir de Tipo de ítem Koha Fuente del sistema de clasificación o colocación Renovaciones totales Fecha del último préstamo
        Colección Ediciones UNGS Biblioteca Universidad Nacional de General Sarmiento Biblioteca Universidad Nacional de General Sarmiento 01/02/2021   982.066 676pat CUNGS1060 01/02/2021 01/02/2021 Libro      
Retirado     No es para préstamo Colección Ediciones UNGS Biblioteca Universidad Nacional de General Sarmiento Biblioteca Universidad Nacional de General Sarmiento 01/02/2021   982.066 676pat CUNGS1317 01/02/2021 01/02/2021 Libro Dewey Decimal Classification    
        Colección General Biblioteca Universidad Nacional de General Sarmiento Biblioteca Universidad Nacional de General Sarmiento 01/02/2021   982.066 676pat 00036157 01/02/2021 01/02/2021 Libro      
        Colección General Biblioteca Universidad Nacional de General Sarmiento Biblioteca Universidad Nacional de General Sarmiento 01/02/2021   982.066 676pat 00040810 01/02/2021 01/02/2021 Libro      
        Colección General Biblioteca Universidad Nacional de General Sarmiento Biblioteca Universidad Nacional de General Sarmiento 01/02/2021   982.066 676pat 00040812 01/02/2021 01/02/2021 Libro      
        Colección General Biblioteca Universidad Nacional de General Sarmiento Biblioteca Universidad Nacional de General Sarmiento 01/02/2021   982.066 676pat 00040813 01/02/2021 01/02/2021 Libro      
        Colección General Biblioteca Universidad Nacional de General Sarmiento Biblioteca Universidad Nacional de General Sarmiento 01/02/2021   982.066 676pat 00040814 01/02/2021 01/02/2021 Libro      
        Colección General Biblioteca Universidad Nacional de General Sarmiento Biblioteca Universidad Nacional de General Sarmiento 01/02/2021 1 982.066 676pat 00040815 31/05/2023 01/02/2021 Libro   1 17/05/2023
        Colección General Biblioteca Universidad Nacional de General Sarmiento Biblioteca Universidad Nacional de General Sarmiento 01/02/2021   982.066 676pat 00040816 01/02/2021 01/02/2021 Libro      
        Colección General Biblioteca Universidad Nacional de General Sarmiento Biblioteca Universidad Nacional de General Sarmiento 01/02/2021   982.066 676pat 00040818 01/02/2021 01/02/2021 Libro      
        Colección General Biblioteca Universidad Nacional de General Sarmiento Biblioteca Universidad Nacional de General Sarmiento 01/02/2021   982.066 676pat 00040819 01/02/2021 01/02/2021 Libro      
        Colección General Biblioteca Universidad Nacional de General Sarmiento Biblioteca Universidad Nacional de General Sarmiento 01/02/2021   982.066 676pat 00040821 01/02/2021 01/02/2021 Libro      
        Colección General Biblioteca Universidad Nacional de General Sarmiento Biblioteca Universidad Nacional de General Sarmiento 01/02/2021   982.066 676pat 00040823 01/02/2021 01/02/2021 Libro      
        Colección General Biblioteca Universidad Nacional de General Sarmiento Biblioteca Universidad Nacional de General Sarmiento 01/02/2021   982.066 676pat 00040824 01/02/2021 01/02/2021 Libro      
        Colección General Biblioteca Universidad Nacional de General Sarmiento Biblioteca Universidad Nacional de General Sarmiento 01/02/2021   982.066 676pat S00036156 01/02/2021 01/02/2021 Lectura en Sala      
        Colección General Biblioteca Universidad Nacional de General Sarmiento Biblioteca Universidad Nacional de General Sarmiento 25/02/2023   982.066 676pat 00068017 25/02/2023 25/02/2023 Libro Dewey Decimal Classification